| 000 | 00669nam a2200193 a 4500 | ||
|---|---|---|---|
| 005 | 20140412111421.0 | ||
| 008 | 080103s19uu xx 00 eng d | ||
| 020 | _a0-439-69246-6 | ||
| 050 |
_aER _bPu96 2004 |
||
| 100 | _aRylant, Cynthia | ||
| 245 |
_aPuppy Mudge loves his blanket / _cby Cynthia Rylant; illustrated by Isidre Mones in the style of Sucie Stevenson. |
||
| 260 |
_aNew York : _bScholastic Inc, _cc2004. |
||
| 300 | _a1 v. unp. : col. ill. ; 24cm | ||
| 440 | _aReady to read. Pre level 1 | ||
| 520 | _aPuppy Mudge likes his blanket, but he loves snuggling with Henry. | ||
| 650 |
_aDogs _xFiction |
||
| 650 |
_aBlankets _xFiction |
||
| 999 |
_c106014 _d106014 |
||